| 000 | 01036cam a22003257a 4500 | ||
|---|---|---|---|
| 003 | CHAP | ||
| 005 | 20220329141747.0 | ||
| 008 | 971013s1975 mx a r 00010 spa d | ||
| 010 | _a73423 | ||
| 011 | _a74395 | ||
| 035 | _a83954 | ||
| 040 | _cCHAP | ||
| 090 | _aFolleto 4600 | ||
| 100 | 0 | 0 |
_aGarcía Sancho de Rivera, Josefina. _946601 |
| 245 | 1 | 0 |
_aPeriodicidad química _c/por Josefina García Sancho de Rivera |
| 260 |
_aMéxico, D.F. : _bANUIES, _c1975 |
||
| 300 |
_a81 p. : _bgráfs. |
||
| 490 | 0 | _aANUIES. Temas básicos | |
| 590 |
_aBATCH-UPD _b10 _c20130110 _lUCH01 _h0326 |
||
| 590 |
_aBATCH-UPD _b10 _c20130409 _lUCH01 _h2359 |
||
| 590 |
_aBATCH-UPD _b10 _c20130914 _lUCH01 _h1530 |
||
| 590 |
_aCONVERSION _b10 _c20130109 _lUCH01 _h1340 |
||
| 650 | 1 | 4 |
_aQuímica _xTablas. _993573 |
| 700 | 0 |
_aOrtega Chicote, Fernando. _983780 |
|
| 830 | 0 |
_aANUIES. Temas basicos _96162 |
|
| 901 | _aBK | ||
| 942 | _cFOLL | ||
| 949 |
_aFolleto 4600 _bBC _cFOLL _d33724002326040 _eTS2 _fc.2 _i83954 _sb |
||
| 949 |
_bBC _cFOLL _d-38979 _eTS1 _i83954 _si |
||
| 999 |
_c73423 _d73423 |
||